000 00683nam a2200241Ia 4500
003 OSt
005 20220918221033.0
006 a|||||r|||| 00| 0
007 ta
008 220917b |||||||| |||| 00| 0 eng d
024 _a147,915
037 _cTextual
040 _aARTS
_cARTS
_beng
041 _2eng
_aeng
082 _aY72-7654:3, E0(906)
100 _aDennett R E
_977430
245 0 _aNigerian studies
_b The religious and political systems of the Yoruba
260 _aLondon
_bFrank Cass
_c1910
300 _axiii,225p. illus
_ccm.
650 _aSOCIOLOGY
942 _hY72-7654:3, E0(906)
_cTEXL
_2CC
999 _c270650
_d270650